Cross Books by James Patterson - Statistics

General Stats
  • This quiz has been taken 14 times
  • The average score is 18 of 32
Answer Stats
Hint Answer % Correct
1992 Along Came a Spider
100%
1997 Cat & Mouse
100%
2006 Cross / Alex Cross
100%
2008 Cross Country
100%
2007 Double Cross
100%
2002 Four Blind Mice
100%
2009 I, Alex Cross
100%
1995 Kiss the Girls
100%
2005 Mary, Mary
100%
2000 Roses are Red
100%
2001 Violets are Blue
100%
2023 Alex Cross Must Die / Cross Out
50%
2019 Criss Cross
50%
2013 Cross My Heart
50%
2014 Hope to Die
50%
1996 Jack & Jill
50%
2011 Kill Alex Cross
50%
2004 London Bridges
50%
1999 Pop Goes the Weasel
50%
2025 Return of the Spider
50%
2003 The Big Bad Wolf
50%
2024 The House of Cross
50%
2017 The People vs. Alex Cross
50%
2022 Triple Cross
50%
2013 Alex Cross, Run
0%
2023 Cross Down
0%
2010 Cross Fire
0%
2015 Cross Justice
0%
2016 Cross the Line
0%
2020 Deadly Cross
0%
2021 Fear No Evil
0%
2018 Target
0%
No matching quizzes found
Score Distribution
Percent of People with Each Score
Percentile by Number Answered
Your Score History
You have not taken this quiz